| 000 | 00800nam a2200229 a 4500 | ||
|---|---|---|---|
| 001 | BRCA_8642 | ||
| 003 | FranzMayer | ||
| 005 | 20230724143421.0 | ||
| 008 | 041017s--------it-#######---#000-0#lat-# | ||
| 040 | _cMFM | ||
| 084 |
_aBE35 _b.G73 |
||
| 100 | 1 |
_aGranatensi, Lvdovico _921570 |
|
| 245 | 1 | 0 |
_aEcclesiastica Rhetoricae sive de ratione concionandi _cavctore R.P.M.F. Lvdovico Granatensi; cvrante Ioh. Baptista Munnozio. |
| 260 |
_aValentiae hedetanorvm _bin oficina vidvae Iosephi de Orga |
||
| 300 |
_a516 p. _c20.5 x 15.5 cm |
||
| 500 | _aSvperiorvm permissv | ||
| 500 | _aEstado físico: presenta encuadernación en pergamino con presencia del pez de plata, cantos decorados y cintas | ||
| 650 | 1 | 4 |
_aRetorica _987 |
| 700 | 1 |
_aBaptista Mvnnozio _921571 |
|
| 902 | _aCFM | ||
| 942 |
_2lcc _cB |
||
| 999 |
_c8302 _d8302 |
||